Graham Sutherland /

Colección que centra cada uno de sus volúmenes en un pintor determinado, reproduciendo algunas de sus obras más famosas, con una breve descripción de ellas y con un texto introductorio sobre la estética del artista.

Na minha lista:
Detalhes bibliográficos
Autor principal: Carluccio, Luigi (autor)
Outros Autores: Fabbri, Dino (dirección) (dirección), Svanascini, Osvaldo (epílogo) (epílogo)
Formato: Livro
Idioma:espanhol
Publicado em: Buenos Aires, Argentina : Codex, 1966, c1966
Colecção:(Pinacoteca de los Genios ; 116)
Assuntos:
Tags: Adicionar Tag
Sem tags, seja o primeiro a adicionar uma tag!

MARC

LEADER 00000nam^a2200000^a^4500
001 000289777
005 20250521000000.0
008 090422 19661966
009 20260310111948.803
037 |a Acervo Xavier Clavigero 
041 |a ESP 
082 |a 759.  |b GEN V. 116 
100 |a Carluccio, Luigi  |e (autor) 
245 1 0 |a Graham Sutherland /  |c L. Carluccio ; dir. de D. Fabbri ; epílogo de O. Svanascini ; tr. por Angel Sánchez-Gijón. 
246 2 |a Título en la cubierta: Sutherland 
264 4 |a Buenos Aires, Argentina :  |b Codex,  |c 1966, c1966 
300 |a [8], XVI, [4] p. 
336 |a texto  |b txt  |2 rdacontenido 
337 |a sin mediación  |b n  |2 rdamedio 
338 |a volumen  |b nc  |2 rdasoporte 
440 1 |a (Pinacoteca de los Genios ;  |v 116) 
520 |a Colección que centra cada uno de sus volúmenes en un pintor determinado, reproduciendo algunas de sus obras más famosas, con una breve descripción de ellas y con un texto introductorio sobre la estética del artista. 
649 |a XX 
650 |a Pintores Ingleses 
650 |a Artistas Ingleses 
650 |a Surrealismo -  |x Historia y Crítica 
650 |a Pintura Moderna -  |x Historia y Crítica 
650 |a Pintura Inglesa -  |x Historia y Crítica 
650 |a Arte Moderno -  |x Historia y Crítica 
650 |a Arte Inglés -  |x Historia y Crítica 
650 |a Sutherland, Graham -  |x Tema Principal 
700 |a Fabbri, Dino  |e (dirección) 
700 |a Svanascini, Osvaldo  |e (epílogo) 
910 |a Fondo General 
920 |a Impresos - Libros 
930 |a Reserva Especial 
905 |a 103 
901 |a 063629  |b IT1  |c REE  |u 20250521 
901 |a 063587  |b IT1  |c REE  |u 20250521 
902 |a https://opac.biblio.iteso.mx/vufind/Record/000289777